Malá kravička : prsťáčkové leporelo /

Hlavní autor: Baruzzi, Agnese, 1980-
Další autoři: Vyskočil, Josef
Jazyk: Čeština
Vydáno: Praha : Svojtka & Co., s.r.o., 2020
Vydání: První české vydání
Témata:
Fyzický popis: 14 nečíslovaných stran : barevné ilustrace ; 11 cm
Knihy
Uloženo v:
LEADER 01787cam a2200493 i 4500
001 nkc20203267399
003 CZ PrNK
005 20210427131210.0
007 ta
008 201113s2020 xr a a 000 1 cze d
015 |a cnb003267399 
020 |a 978-80-256-2834-8  |q (vázáno) 
035 |a (OCoLC)1240908967 
040 |a ULG001  |b cze  |d BOA001  |d ABA001  |e rda 
041 1 |a cze  |h eng 
072 7 |a 821-93-053.4  |x Literatura pro nejmenší děti  |2 Konspekt  |9 26 
080 |a 821-93-053.4  |2 MRF 
080 |a (0.025.2)  |2 MRF 
100 1 |a Baruzzi, Agnese,  |d 1980-  |7 pna2014835911  |4 aut  |4 ill 
240 1 0 |a Little cow.  |l Česky 
245 1 0 |a Malá kravička :  |b prsťáčkové leporelo /  |c Agnese Baruzzi 
250 |a První české vydání 
264 1 |a Praha :  |b Svojtka & Co., s.r.o.,  |c 2020 
300 |a 14 nečíslovaných stran :  |b barevné ilustrace ;  |c 11 cm 
336 |a text  |b txt  |2 rdacontent 
336 |a statický obraz  |b sti  |2 rdacontent 
336 |a trojrozměrná forma  |b tdf  |2 rdacontent 
337 |a bez média  |b n  |2 rdamedia 
338 |a svazek  |b nc  |2 rdacarrier 
338 |a objekt  |b nr  |2 rdacarrier 
500 |a Z angličtiny přeložil Josef Vyskočil 
500 |a Kartonové listy s průřezem a prstovým maňáskem 
521 8 |a Pro děti mladší 1 roku 
655 7 |a leporela  |7 fd132727  |2 czenas 
655 7 |a publikace pro nejmenší děti  |7 fd1060157  |2 czenas 
655 9 |a folding picture-books  |2 eczenas 
655 9 |a publications for small children  |2 eczenas 
700 1 |a Vyskočil, Josef  |7 ola2002106761  |4 trl 
910 2 |a BOA001  |b S-1458.725 
920 |a 016020003728149  |z ULG001 
990 |a BK 
995 |a 01 
991 |b 202101  |c NOV 
996 6 |b 2610848397  |c S-1458.725  |l MZK  |r Sklad / do 24 hodin  |n 0  |p p.v.  |w 001837938  |u 000010  |a 1  |e BOA001  |j MZK50  |s P